书目信息 |
| 题名: |
哈佛商学院MBA案例教程
|
|
| 作者: | 圣丁 主编 | |
| 分册: | 下 | |
| 出版信息: | 北京 经济日报出版社 1997 |
|
| 页数: | 419~872页 | |
| 开本: | 20cm | |
| 丛书名: | ||
| 单 册: | ||
| 中图分类: | F203.9 | |
| 科图分类: | ||
| 主题词: | 专业课-哈佛商学院--简介 , 企业管理--教材 , 国民经济--经济管理 | |
| 电子资源: | ||
| ISBN: | 7-80127-374-5 | |
| 000 | 00802nam0 2200265 45 | |
| 001 | 0198020226 | |
| 005 | 20031219104115.7 | |
| 010 | @a7-80127-374-5@dCNY47.90 | |
| 100 | @a19980409d1997 em y0chiy0121 ea | |
| 101 | 0 | @achi |
| 102 | @aCN@b110000 | |
| 105 | @ay z 000yy | |
| 106 | @ar | |
| 200 | 10 | @a哈佛商学院MBA案例教程@h下@Aha fo shang xue yuan MBA an li jiao cheng@f圣丁主编 |
| 210 | @a北京@c经济日报出版社@d1997 | |
| 215 | @a419~872页@d20cm | |
| 510 | 1 | @aHarvard business school master of business administration@zeng |
| 601 | 02 | @a哈佛商学院-专业课@x简介 |
| 606 | @a专业课-哈佛商学院@x简介 | |
| 606 | @a企业管理@x教材 | |
| 606 | 0 | @a国民经济@x经济管理 |
| 690 | @aF203.9@v4 | |
| 701 | 0 | @a圣丁@Asheng ding@4主编 |
| 801 | @aCN@bTSTC@c20030921 | |
| 905 | @b325799@dF203.9@e43:2@f1 | |
| 哈佛商学院MBA案例教程.下/圣丁主编.-北京:经济日报出版社,1997 |
| 419~872页;20cm |
| ISBN 7-80127-374-5:CNY47.90 |
| ● |
| 相关链接 |
|
|
|
|
正题名:哈佛商学院MBA案例教程
索取号:F203.9/43:2
 
预约/预借
| 序号 | 登录号 | 条形码 | 馆藏地/架位号 | 状态 | 备注 |
| 1 | 0325799 | 203257992 | 第一样本阅览室/ [索取号:F203.9/43:2] | 在馆 |